The War against the automobile
Sparad:
| Huvudupphovsman: | |
|---|---|
| Materialtyp: | Bok |
| Språk: | Undetermined |
| Publicerad: |
New York
E. P. Dutton
1977
|
| Ämnen: | |
| Taggar: |
Lägg till en tagg
Inga taggar, Lägg till första taggen!
|
| Thư viện lưu trữ: | Trung tâm Học liệu Trường Đại học Cần Thơ |
|---|
| LEADER | 00574nam a2200205Ia 4500 | ||
|---|---|---|---|
| 001 | CTU_83635 | ||
| 008 | 210402s9999 xx 000 0 und d | ||
| 082 | |a 338.3 | ||
| 082 | |b B854 | ||
| 100 | |a Bruce-Briggs, B. | ||
| 245 | 4 | |a The War against the automobile | |
| 245 | 0 | |c B. Bruce-Briggs | |
| 260 | |a New York | ||
| 260 | |b E. P. Dutton | ||
| 260 | |c 1977 | ||
| 650 | |a Automobile,Transportation, automotive | ||
| 650 | |x Social aspects | ||
| 650 | |z United States,United States | ||
| 904 | |i Qhieu(sửa) | ||
| 980 | |a Trung tâm Học liệu Trường Đại học Cần Thơ | ||